Normal view
MARC view
- تاليف طحان، ريمون
Entry Personal Name
001 - CONTROL NUMBER
- control field: 36209
003 - CONTROL NUMBER IDENTIFIER
- control field: JO-AjAnu
005 - DATE AND TIME OF LATEST TRANSACTION
- control field: 20230606080040.0
008 - FIXED-LENGTH DATA ELEMENTS
- fixed length control field: 230606|| aca||aabn | a|a d
040 ## - CATALOGING SOURCE
- Original cataloging agency: JO-AjAnu
- Transcribing agency: JO-AjAnu
100 ## - HEADING--PERSONAL NAME
- Personal name: تاليف طحان، ريمون
670 ## - SOURCE DATA FOUND
- Source citation: Work cat.: (JO-AjAnu)18591: تاليف طحان، ريمون, author, الألسنية العربية النحو-الجملة-الاسلوب-خاتمتة (الالسنة 1)